NCAA Football National Championships (BCS) - Statistics

General Stats
  • This quiz has been taken 1,558 times
  • The average score is 13 of 15
Answer Stats
Year Winner Loser % Correct
2012 Alabama Notre Dame
99%
2011 Alabama LSU
99%
2009 Alabama Texas
99%
2008 Florida Oklahoma
95%
2006 Florida Ohio State
95%
2005 Texas USC
91%
2007 LSU Ohio State
88%
2003 LSU Oklahoma
88%
2004 USC Oklahoma
85%
2010 Auburn Oregon
84%
2000 Oklahoma Florida State
80%
2002 Ohio State Miami (FL)
75%
1999 Florida State Virginia Tech
69%
1998 Tennessee Florida State
62%
2001 Miami (FL) Nebraska
41%
No matching quizzes found
Score Distribution
Percent of People with Each Score
Percentile by Number Answered
Your Score History
You have not taken this quiz